[Event "20th Dubai Open 2018"]
[Site "Dubai"]
[Date "2018.04.08"]
[Round "7"]
[White "Saravana, Krishnan P"]
[Black "Debashis, Das"]
[Result "1/2-1/2"]
[WhiteElo "2312"]
[BlackElo "2518"]
[Annotator "TA"]
[PlyCount "90"]
[EventDate "2018.??.??"]
[EventType "swiss"]
[EventCountry "UAE"]
[SourceTitle "playchess.com"]
[Source "ChessBase"]
[SourceQuality "1"]

{[%evp 20,90,-19,-19,-10,-32,-33,-38,-12,-18,-7,-13,26,32,70,56,74,63,65,58,82,56,54,54,63,49,59,60,53,35,43,0,0,0,26,0,-10,-18,-9,-37,-32,-38,-16,-14,-14,-6,-8,-28,9,0,0,0,-7,-4,-8,-7,-7,-6,0,0,5,8,3,0,0,0,0,-9,-10,-8,0,0,0]} 1. e4 c5 2. Nf3 d6 3. c3 Nf6 4. Be2 g6 5. O-O Bg7 6. Bb5+ Nc6 7. Re1 {B50: Sicilian: 2...d6, Miscellaneous} O-O 8. h3 (8. d4 cxd4 9. cxd4 Bg4 10. Bxc6 bxc6 11. Nbd2 Nd7 12. h3 Bxf3 13. Nxf3 c5 14. Be3 Rb8 15. b3 Qa5 16. Re2 Rfc8 17. Rc1 cxd4 18. Nxd4 {½-½ (42) Svidler,P (2745)-Giri,A (2755) Moscow 2016}) 8... Qb6 9. Bf1 e5 10. Na3 d5 11. d3 {LiveBook: 5 Games} Rd8 {[#] White must now prevent ...dxe4.} 12. Qc2 h6 13. Be3 $146 ({Predecessor:} 13. Bd2 a6 14. Re2 Qc7 15. Rae1 b5 16. Qc1 Kh7 17. Nh2 {0-1 (36) Sazonov,A (2220)-Tazhiev Yalta 1996}) 13... Be6 14. Qc1 Kh7 15. exd5 Bxd5 16. Nd2 a5 17. Ndc4 Bxc4 $1 18. Nxc4 Qa7 $1 19. a4 Nd5 20. Bd2 Nb6 {[%cal Bd5b6,Bb6c8,Bc8d6][%mdl 32]} 21. Na3 Nc8 22. Nb5 Qb8 23. g3 Nd6 24. Bg2 c4 25. dxc4 Nxc4 26. Be3 Rd7 27. Qc2 Nxe3 28. Rxe3 Qd8 29. Qb3 f5 30. Ree1 Qe7 31. Rad1 Rad8 32. Rxd7 Qxd7 33. Bf3 Qd3 34. Kg2 {[#] aiming for Rd1.The position is equal.} e4 35. Be2 Qd5 36. Qxd5 Rxd5 37. Rd1 $132 {[%mdl 2048] White has counterplay} Rxd1 38. Bxd1 $11 {[%mdl 4096] Endgame KBN-KBN} Bf8 39. f3 exf3+ 40. Bxf3 Nd8 41. Bd5 Kg7 42. Kf3 Kf6 43. Ke2 Ke5 44. Bg2 Bc5 45. Nc7 g5 {Precision: White = 70%, Black = 58%.} 1/2-1/2

[Event "20th Dubai Open 2018"]
[Site "Dubai"]
[Date "2018.04.08"]
[Round "7"]
[White "Sekar, B."]
[Black "Pantsulaia, Levan"]
[Result "1-0"]
[WhiteElo "2298"]
[BlackElo "2592"]
[Annotator "TA"]
[PlyCount "105"]
[EventDate "2018.??.??"]
[EventType "swiss"]
[EventCountry "UAE"]
[SourceTitle "playchess.com"]
[Source "ChessBase"]
[SourceQuality "1"]

{[%evp 26,105,31,29,27,14,18,18,44,21,35,6,47,19,22,27,41,39,41,41,41,41,41,16,30,30,30,22,25,7,12,6,42,11,18,15,12,6,29992,29993,29993,29994,29994,29995,29995,29996,29996,29997,29997,598,552,509,480,477,469,468,572,556,1855,1714,1492,1422,29994,29995,29995,6195,29995,29994,29994,29982,29982,29983,29988,29988,29988,29989,29989,29990,29993,29994,29994,501]} 1. e4 c5 2. Nf3 e6 3. d4 cxd4 4. Nxd4 a6 5. Bd3 Bc5 6. Nb3 Ba7 7. Qe2 Nc6 8. Be3 d6 9. O-O e5 {B42: Sicilian: Kan Variation: 5 Bd3} 10. c4 Nf6 11. Bxa7 Rxa7 12. Nc3 Be6 13. Qe3 O-O 14. Rfd1 {LiveBook: 7 Games} b6 15. Be2 Qb8 16. Rac1 Rd8 {[#]} 17. h3 $146 ({Predecessor:} 17. Na1 Nd4 {½-½ (33) Santos Latasa,J (2545)-Manolache,M (2492) Pontevedra 2016}) 17... h6 18. Rd2 Nd7 19. Nd5 Nc5 20. Na1 Nd4 21. b4 Nd7 22. Nb3 Nxe2+ 23. Qxe2 Kf8 24. c5 bxc5 25. bxc5 Nxc5 26. Nxc5 dxc5 27. Qe3 $36 {[%mdl 2048] White has the initiative.} Rc8 28. Rxc5 Rb7 29. Rxc8+ Qxc8 30. Qa3+ Kg8 31. Kh2 {Threatens to win with Ne7+.} Qc4 $2 {[%mdl 8192] [#]} (31... Bxd5 $11 32. Rxd5 Qc7) 32. Nf6+ $1 {[%mdl 512]} gxf6 33. Rd8+ Kh7 34. Qg3 {[%csl Gd8][%cal Rg3g8]} h5 35. Qg8+ Kh6 36. Qh8+ Kg5 37. Rg8+ (37. Qg7+ $142 Kf4 38. Qxf6+ Kxe4 39. Qf3#) 37... Kf4 $18 38. Qxf6+ Kxe4 {Hoping for ...Kd4.} 39. Qf3+ Kd4 {And now ...Rb2 would win.} 40. Qxb7 {[%mdl 4096] Endgame KQR-KQB} Kc3 41. Qb1 Qxa2 42. Qc1+ Kd4 43. Rd8+ Ke4 44. Qe3+ Kf5 45. Rg8 (45. Qf3+ $142 Kg6 46. Rg8+ Kh7 47. Rg5 Qe2 48. Qf6 h4 49. Qg7#) 45... Bc4 46. Rg5+ {White mates.} Ke6 47. Qxe5+ Kd7 48. Qd4+ Ke7 49. Qc5+ Kd7 50. Qa7+ Ke6 51. Qb6+ Ke7 52. Qc7+ Ke6 53. Re5+ {Precision: White = 62%, Black = 31%.} 1-0

[Event "20th Dubai Open 2018"]
[Site "Dubai"]
[Date "2018.04.08"]
[Round "7"]
[White "Dhulipalla, Bala Chandra Prasad"]
[Black "Gagare, Shardul"]
[Result "1/2-1/2"]
[WhiteElo "2294"]
[BlackElo "2502"]
[Annotator "TA"]
[PlyCount "43"]
[EventDate "2018.??.??"]
[EventType "swiss"]
[EventCountry "UAE"]
[SourceTitle "playchess.com"]
[Source "ChessBase"]
[SourceQuality "1"]

{[%evp 16,43,3,11,18,19,16,18,16,20,16,20,14,24,20,13,15,19,10,11,25,34,31,22,17,0,28,0,11,0]} 1. d4 Nf6 2. c4 e6 3. g3 d5 4. Nf3 Bb4+ 5. Bd2 Be7 6. Bg2 O-O 7. O-O c6 8. Qc2 b6 9. Bf4 Ba6 {E06: Closed Catalan: Early deviations} (9... Nbd7 10. Rd1 Ba6 11. cxd5 cxd5 12. Ne5 Nxe5 13. dxe5 Ng4 14. h3 Rc8 15. Nc3 Nxf2 16. Kxf2 Bc5+ 17. Ke1 f6 18. Qa4 fxe5 19. Bxe5 {0-1 (31) Inarkiev,E (2709)-Yu,Y (2729) Doha 2016}) 10. cxd5 cxd5 11. Rc1 Nbd7 12. Nc3 Nh5 13. Qa4 Nxf4 14. Qxa6 Nxg2 15. Kxg2 Qc8 16. Qxc8 Rfxc8 17. Nb5 {[#]} Bf8 $146 18. Nc7 Rab8 19. Na6 Ra8 $1 20. Nc7 Rab8 21. Na6 Ra8 $1 22. Nc7 {Precision: White = 85%, Black = 72%.} 1/2-1/2

[Event "20th Dubai Open 2018"]
[Site "Dubai"]
[Date "2018.04.08"]
[Round "7"]
[White "Nandhidhaa, Pv"]
[Black "Sundararajan, Kidambi"]
[Result "1/2-1/2"]
[WhiteElo "2272"]
[BlackElo "2436"]
[Annotator "TA"]
[PlyCount "52"]
[EventDate "2018.??.??"]
[EventType "swiss"]
[EventCountry "UAE"]
[SourceTitle "playchess.com"]
[Source "ChessBase"]
[SourceQuality "1"]

{[%evp 18,52,-5,-36,-13,-35,-4,-48,-6,-6,-6,-27,-26,-24,16,0,2,4,59,62,81,66,62,66,93,90,79,56,50,39,49,0,47,0,47,0,35]} 1. e4 e5 2. Nf3 Nc6 3. Nc3 Nf6 4. Bb5 Bc5 5. Nxe5 Nxe5 6. d4 a6 {C48: Four Knights: 4 Bb5, replies other than 4...Bb4} 7. dxe5 axb5 8. exf6 Qxf6 9. O-O c6 10. Qd3 {LiveBook: 3 Games} O-O 11. Be3 d6 $146 ({Predecessor:} 11... Bxe3 12. Qxe3 Re8 13. Qc5 d6 14. Qb4 Qf4 15. a3 {0-1 (37) Timman,J (2635)-Beliavsky,A (2610) Linares 1993}) 12. Rfe1 Be6 13. a3 Rfe8 14. Rad1 Bc4 15. Qd2 Qg6 16. Bxc5 dxc5 17. Qe3 b6 (17... b4 $11 18. Nb1 bxa3 19. Nxa3 Be6) 18. b3 $14 {[%cal Bb2b3,Bb3b4][%mdl 32]} Be6 {[#]} 19. Rd6 $1 {[%cal Rd6c6]} Rac8 20. f4 {And now f5 would win.} f5 21. e5 $36 {[%mdl 2048] Keeping Black busy.} Qf7 22. b4 Qa7 23. Ne2 Bd5 24. Nc3 Be6 25. Ne2 Bd5 26. Nc3 {Threatens to win with bxc5.} Be6 {Precision: White = 40%, Black = 52%.} 1/2-1/2

[Event "20th Dubai Open 2018"]
[Site "Dubai"]
[Date "2018.04.08"]
[Round "7"]
[White "Nyazi, Nehad"]
[Black "Darini, Pouria"]
[Result "0-1"]
[WhiteElo "2213"]
[BlackElo "2478"]
[Annotator "TA"]
[PlyCount "68"]
[EventDate "2018.??.??"]
[EventType "swiss"]
[EventCountry "UAE"]
[SourceTitle "playchess.com"]
[Source "ChessBase"]
[SourceQuality "1"]

{[%evp 27,68,-30,-14,-38,-25,-40,-31,-111,-115,-112,-114,-116,-114,-114,-112,-112,-100,-108,-106,-109,-104,-111,-67,-123,-106,-126,-116,-183,-155,-936,-912,-948,-926,-2945,-2877,-2773,-2601,-2270,-2259,-1988,-1735,-1750,-1711]} 1. d4 Nf6 2. c4 g6 3. Nc3 d5 4. cxd5 Nxd5 5. e4 Nxc3 6. bxc3 Bg7 7. Bc4 c5 8. Ne2 O-O 9. O-O Nc6 10. Be3 Na5 11. Bd3 b6 12. Qd2 e5 {D87: Exchange Grünfeld: Classical Line: Variations without ...cxd4} 13. d5 (13. Bg5 Qd7 14. Rad1 exd4 15. cxd4 cxd4 16. Bh6 Qd6 17. Ng3 f6 18. Bxg7 Kxg7 19. f4 Qe7 20. f5 Nc6 21. Bb5 Ne5 22. Qxd4 {½-½ (22) Vachier Lagrave,M (2757)-Mchedlishvili,M (2609) Germany 2014}) 13... f5 14. Bg5 Qe8 {LiveBook: 3 Games. Black has an edge.} 15. f3 c4 $1 {[%cal Rc4d3]} 16. Bc2 f4 $1 17. g4 (17. d6 $15) 17... h6 $17 18. Bh4 g5 19. Bf2 h5 20. h3 Rf6 $146 21. Kg2 Bd7 22. Rh1 Nb7 {[%cal Ba5b7,Bb7c5,Bc5e4][%mdl 32]} 23. Rag1 Rc8 24. Kf1 Nc5 25. h4 (25. Rg2 $15) 25... hxg4 26. hxg5 Rg6 27. Rh5 (27. fxg4 $17 Qe7 28. Rh5) 27... gxf3 28. Nd4 $2 {[#]} (28. Nc1 $17) 28... exd4 $19 {Black is clearly winning.} 29. Bxd4 Nxe4 30. Qh2 Bxd4 31. cxd4 Ng3+ 32. Rxg3 {[#]} Qe2+ $1 {[%mdl 512]} 33. Qxe2 fxe2+ 34. Kxe2 fxg3 {Precision: White = 39%, Black = 96%.} 0-1

[Event "20th Dubai Open 2018"]
[Site "Dubai"]
[Date "2018.04.08"]
[Round "7"]
[White "Karthik, Kumar Pradeep"]
[Black "Raghunandan, Kaumandur Srihari"]
[Result "1/2-1/2"]
[WhiteElo "2191"]
[BlackElo "2434"]
[Annotator "TA"]
[PlyCount "127"]
[EventDate "2018.??.??"]
[EventType "swiss"]
[EventCountry "UAE"]
[SourceTitle "playchess.com"]
[Source "ChessBase"]
[SourceQuality "1"]

{[%evp 17,127,-14,0,-12,0,-6,0,-16,16,16,24,10,0,17,23,27,89,98,124,118,118,108,195,181,177,158,175,164,168,167,150,152,268,200,361,118,120,114,121,64,175,175,160,41,202,57,712,0,282,222,235,133,128,136,123,129,116,97,145,139,179,140,147,126,217,217,225,152,282,117,111,108,91,18,16,0,0,0,0,0,0,0,297,8,297,297,297,297,296,296,296,296,239,35,36,32,33,32,83,83,85,85,89,33,33,33,35,35,93,33,32,0]} 1. d4 d6 2. c4 e5 3. Nf3 e4 4. Ng5 f5 5. g3 Be7 6. h4 Nf6 7. Bg2 O-O 8. Nc3 c6 9. O-O {A21: English Opening: 1...e5 2 Nc3} (9. Qb3 Kh8 10. Bd2 Na6 11. O-O-O Nc7 12. f3 d5 13. cxd5 cxd5 14. Bf4 Bd6 15. Be5 Qe7 16. fxe4 fxe4 {0-1 (30) Maisuradze,N (2302)-Ivanchuk,V (2733) Cap d'Agde 2013}) 9... Na6 {LiveBook: 3 Games} 10. Nh3 Nc7 11. d5 {The position is equal.} Qe8 12. Nf4 Qf7 $146 ({Predecessor:} 12... cxd5 13. cxd5 Nh5 14. Nxh5 Qxh5 {1-0 (39) Webster,R (1934)-Laws,D Harrogate 2017}) 13. f3 {[%cal Rf3e4]} cxd5 14. cxd5 {[%cal Rf3e4]} exf3 15. Bxf3 g6 16. Be3 Qg7 (16... Re8 $11) 17. Bd4 $16 g5 18. hxg5 Qxg5 19. Kg2 b6 (19... Rf7 $16) 20. Rh1 $18 Rf7 21. Rh2 Rg7 {Threatens to win with ...Qxf4.} 22. Kh1 Na6 ({But not} 22... Qxg3 $2 23. Qd2 $18) 23. Qd2 Nc5 24. Rg1 Bb7 (24... h6 $16 25. Qc2 a5 26. Bxf6 Qxf6) 25. Qe1 {Strongly threatening b4.} Re8 $2 (25... a5 {might work better.} 26. e4 fxe4 27. Nxe4 Ncxe4 28. Bxe4 Nxe4 29. Qxe4 Rf7) 26. Bxc5 $2 (26. b4 $18) 26... bxc5 $16 27. Ne6 $1 {[%csl LRg5,LRg7]} Qg6 28. Qc1 (28. Nxg7 $16 Kxg7 29. Kg2) 28... h5 (28... Ng4 $14) 29. Nxg7 $18 Kxg7 30. Qf4 ({White should play} 30. Nb5 $16) 30... Bf8 $2 (30... Ng4 $14) 31. Qh4 ({Better is} 31. Qa4 $18 Re5 32. Qxa7) 31... Kh6 $2 {[%mdl 8192]} (31... Ng4 $14) 32. Qf4+ $2 (32. g4 $18 {Intending g5+ and mate.} fxg4 33. Bxg4 Nxg4 34. Rxg4) 32... Qg5 $2 {[%mdl 8192]} (32... Kg7 $11 {and Black has nothing to worry.}) 33. Rh4 Re5 34. e4 (34. Kg2 $18) 34... fxe4 $16 35. Nxe4 Qxf4 36. Rxf4 Nxe4 37. Bxe4 Be7 38. Bg2 Bg5 39. Rf7 Be7 40. Rd1 Ba6 (40... Bc8 $16 {is a better defense.} 41. Rdf1 Kg6) 41. Bf1 $1 $18 {[%cal Rf1a6]} Bc8 42. Rd2 {Re2 is the strong threat.} Bg4 (42... Bb7 $16 {was worth a try.}) 43. Kh2 (43. Bd3 $18 {is the precise move to win.}) 43... Bg5 $16 44. Rdf2 Rxd5 45. Rxa7 (45. Bc4 $16 Rd4 46. Be2) 45... Be3 $1 $11 {[%cal Re3f2]} 46. Rf6+ Kg5 47. Rf8 Rd2+ 48. Kh1 Be6 {( -> ...Bd5+)} 49. Bg2 {aiming for Rg7+.} Rxb2 $2 {[%mdl 8192]} (49... Bf5 $11 {and Black stays safe.}) 50. Rg7+ $18 Kh6 51. Re7 Rb1+ 52. Rf1 Rxf1+ 53. Bxf1 {[%mdl 4096] Endgame KRB-KB} Bd5+ 54. Bg2 Bg5 {[#] Hoping for ...Bxg2+.} 55. Rd7 $2 (55. Ra7 $1 $18 Be6 56. a4) 55... Bxa2 $14 56. Rxd6+ Kg7 57. Bd5 Bb1 (57... Be7 $1 $14) 58. Rc6 $16 Be3 59. Kg2 Bd4 {[#]} 60. Kh3 (60. Kf3 $1 $16) 60... Bf5+ $14 61. Kh2 Bg4 62. Kg2 Bf5 (62... Be3 $14) 63. Bf3 (63. Kf3 $16) 63... Bg6 64. Bd5 {Precision: White = 39%, Black = 31%.} 1/2-1/2

[Event "20th Dubai Open 2018"]
[Site "Dubai"]
[Date "2018.04.08"]
[Round "7"]
[White "Bhambure, Shantanu"]
[Black "Viani, Antonio Dcunha"]
[Result "0-1"]
[WhiteElo "2155"]
[BlackElo "2435"]
[Annotator "TA"]
[PlyCount "112"]
[EventDate "2018.??.??"]
[EventType "swiss"]
[EventCountry "UAE"]
[SourceTitle "playchess.com"]
[Source "ChessBase"]
[SourceQuality "1"]

{[%evp 29,112,27,65,66,78,79,79,79,83,80,181,74,49,15,32,0,0,-14,-19,-67,-66,-63,-63,-63,-63,-64,-66,-102,-87,-104,-96,-104,-105,-104,-92,-124,-122,-127,-128,-116,-99,-94,-76,-141,-149,-171,-176,-178,-95,-98,-110,-114,-64,-181,-133,-131,-131,-501,-494,-679,-654,-643,-600,-681,-704,-733,-704,-732,-786,-729,-712,-4627,-4627,-4627,-4622,-3033,-2196,-1775,-1459,-9098,-9073,-8660,-6768,-9073,-5591]} 1. d4 Nf6 2. Bg5 Ne4 3. Bf4 d5 4. e3 g6 5. Bd3 Bg7 6. c4 Nf6 7. Nc3 O-O 8. Nf3 c5 9. dxc5 dxc4 10. Bxc4 Qa5 11. Rc1 Qxc5 12. Bb3 Nc6 13. O-O Qa5 14. h3 Bf5 15. Qe2 e5 16. Bg5 {D93: Grünfeld: 4 Nf3 Bg7 5 Bf4 0-0 6 e3} Ne4 17. Nxe4 Bxe4 18. Rfd1 {White is better.} h6 {With the idea ...Bxf3.} 19. Bh4 g5 {[#]} (19... Qb4 $16) 20. Bg3 (20. Nxg5 $1 $18 hxg5 21. Bxg5) 20... Rad8 $16 21. Qc4 $146 ({Predecessor:} 21. h4 Bf6 22. hxg5 hxg5 23. Nxg5 Bg6 {1-0 (38) Sriram,J (2426)-Branzuela,A (2254) Subic Bay 2016}) 21... Bg6 22. e4 Qb6 23. Qa4 Bh5 24. Bd5 {[%cal Rd5c6]} Nd4 25. Nxd4 Bxd1 26. Qxd1 {aiming for Nf5.} Qxd4 27. Qb3 Rd7 $1 28. Rd1 Qc5 29. Qf3 Qe7 30. Qg4 Rc7 31. h4 Qf6 32. Rd3 gxh4 33. Qxh4 Qxh4 34. Bxh4 b6 {[%cal Bb7b6,Bb6b5,Bb5b4][%mdl 32]} 35. b3 b5 36. Rf3 (36. b4 $142) 36... b4 $17 37. g4 Kh7 38. Bc4 {[#]} Kg6 (38... Rd7 $1 $19 39. Rf5 f6) 39. Rd3 Rfc8 40. Rd6+ Kh7 41. Bd5 ({White should try} 41. Kg2 $15) 41... Bf8 42. Rf6 Bc5 43. Bxf7 $2 {[%mdl 8192]} (43. Kg2 $17) 43... Be7 $19 {Black is clearly winning.} 44. Be6 {Rf7+ is the strong threat.} Bxf6 45. Bxf6 Re8 46. Bf5+ Kg8 47. f4 exf4 48. Kf2 {[#]} Rc3 $1 49. e5 (49. Bxc3 bxc3) 49... Re3 50. Bd7 R8xe5 51. Bxe5 Rxe5 {KR-KB} 52. Kf3 Kg7 53. Kxf4 Re2 54. g5 h5 55. Bb5 Rxa2 56. Be8 Ra3 {Precision: White = 32%, Black = 72%.} 0-1

[Event "20th Dubai Open 2018"]
[Site "Dubai"]
[Date "2018.04.08"]
[Round "7"]
[White "San Juan, Dennis"]
[Black "Dimakiling, Oliver"]
[Result "0-1"]
[WhiteElo "2123"]
[BlackElo "2412"]
[Annotator "TA"]
[PlyCount "60"]
[EventDate "2018.??.??"]
[EventType "swiss"]
[EventCountry "UAE"]
[SourceTitle "playchess.com"]
[Source "ChessBase"]
[SourceQuality "1"]

{[%evp 15,60,-16,-14,-49,-44,-31,-38,-26,-10,-18,-12,-23,0,-17,0,-33,-8,-27,0,-54,-50,-42,-41,-58,-26,-33,-21,-110,-102,-135,-111,-106,-113,-147,-123,-121,-109,-113,-108,-127,-119,-149,-112,-230,-216,-598,-597]} 1. d4 Nf6 2. Nf3 b6 3. Bf4 Bb7 4. Nbd2 g6 5. e3 Bg7 6. Bd3 O-O 7. h3 d6 8. O-O Nbd7 {LiveBook: 13 Games. A48: 1 d4 Nf6 2 Nf3 g6: Torre, London and Colle Systems} (8... c5 9. Bh2 Nbd7 10. c3 a6 11. Re1 b5 12. a4 Qb6 13. e4 Rfd8 14. Qe2 c4 15. Bc2 Nf8 16. d5 N8d7 {0-1 (49) Le,Q (2737)-Hansen,E (2629) chess.com INT 2018}) 9. c4 e5 10. Bg5 $146 ({Predecessor:} 10. dxe5 dxe5 11. Bxe5 Nxe5 12. Nxe5 Nh5 13. Ndf3 Qd6 14. Ng4 Bxf3 15. gxf3 Bxb2 {½-½ (31) Bongardt,H-Berger,A Darmstadt 1994}) 10... h6 {Black is slightly better.} 11. Bxf6 Qxf6 12. d5 Qe7 13. e4 a5 14. b3 f5 15. a3 Bc8 16. b4 Nf6 {[%cal Bd7f6,Bf6h5,Bh5f4][%mdl 32]} 17. Qc2 ({Better is} 17. Nh4 $11 Qe8 18. Qc2 (18. exf5 e4 $11)) 17... Nh5 $15 18. Rfe1 Nf4 19. Bf1 g5 20. exf5 Bxf5 21. Qb3 (21. Ne4 $11) 21... Qf7 {White must now prevent ...e4.} 22. Rac1 axb4 23. axb4 Qg6 24. c5 bxc5 25. bxc5 e4 26. Nh2 Bd4 27. g4 Bd7 $36 {[%mdl 2048] Black is really pushing.} 28. Nxe4 {[#]} Rae8 $1 {[%cal Re8e4]} 29. Qb1 (29. c6 $17 Rxe4 30. cxd7 Nxh3+ 31. Kg2 Nf4+ 32. Kh1 Bxf2 33. Rxe4 Qxe4+ 34. Qf3 Qxf3+ 35. Nxf3) 29... dxc5 $19 ({Weaker is} 29... Nxd5 30. cxd6 c6 31. Qd3 $11) 30. Nxc5 $2 (30. Kh1 {is a better chance.}) 30... Qxb1 {Precision: White = 32%, Black = 63%.} 0-1

[Event "20th Dubai Open 2018"]
[Site "Dubai"]
[Date "2018.04.08"]
[Round "7"]
[White "Balasubramaniam, H."]
[Black "Arjun, Kalyan"]
[Result "1/2-1/2"]
[WhiteElo "2060"]
[BlackElo "2397"]
[Annotator "TA"]
[PlyCount "61"]
[EventDate "2018.??.??"]
[EventType "swiss"]
[EventCountry "UAE"]
[SourceTitle "playchess.com"]
[Source "ChessBase"]
[SourceQuality "1"]

{[%evp 19,61,22,22,20,27,25,38,0,18,0,0,0,30,19,45,46,51,-5,-6,-32,-29,-51,-13,-25,59,60,66,68,72,69,73,81,77,40,37,53,57,46,244,0,0,0,194,0]} 1. e4 e5 2. Nf3 Nc6 3. Bb5 a6 4. Ba4 Nf6 5. d3 d6 6. c4 {[%cal Bc2c4,Bc4c5][%mdl 32]} g6 7. Nc3 {C77: Ruy Lopez: 3...a6 4 Ba4 Nf6, unusual lines} h6 8. Nd5 Bg7 9. Nb4 Bd7 10. Nxc6 bxc6 {LiveBook: 3 Games} 11. c5 O-O 12. O-O Qe7 13. Qc2 $146 ({Predecessor:} 13. Re1 dxc5 14. Qc2 Rfd8 15. Be3 Bf8 {1-0 (41) Tiviakov,S (2584)-Matta,V (2269) New Delhi 2018}) 13... d5 14. Nd2 Nh5 15. Nb3 Nf4 16. Na5 Qe6 {[#] aiming for ...Nxg2!} 17. f3 g5 18. Bxf4 (18. b4 $14) 18... exf4 $11 19. Nb3 Rab8 {Threatens to win with ...Rb4.} 20. a3 Qg6 21. Rab1 Be6 (21... Rfe8 $11) 22. Na5 $1 $14 Bd7 23. exd5 {[%cal Ra5c6]} Bf5 24. Nxc6 Rbe8 25. Rbd1 Re3 26. Rfe1 Rfe8 27. Rxe3 fxe3 28. Nb4 $1 Rb8 $2 {[#]} (28... e2 $14 29. Re1 (29. Bxe8 Bd4+ 30. Kh1 exd1=N $16) 29... Bd4+ 30. Kh1 Re3) 29. Nc6 $2 (29. g4 $18) 29... Re8 $1 $11 30. Nb4 $2 (30. Re1 $11) 30... Rb8 $1 $18 31. Nc6 $2 {Precision: White = 60%, Black = 26%.} ({White should try} 31. g4 $18) 1/2-1/2

[Event "20th Dubai Open 2018"]
[Site "Dubai"]
[Date "2018.04.08"]
[Round "7"]
[White "Priyanka, Nutakki"]
[Black "Deepan, Chakkravarthy J"]
[Result "0-1"]
[WhiteElo "1957"]
[BlackElo "2499"]
[Annotator "TA"]
[PlyCount "62"]
[EventDate "2018.??.??"]
[EventType "swiss"]
[EventCountry "UAE"]
[SourceTitle "playchess.com"]
[Source "ChessBase"]
[SourceQuality "1"]

{[%evp 16,62,17,4,49,42,40,44,46,51,46,42,48,20,61,49,54,49,85,48,47,0,0,-53,-50,-56,-49,-108,-79,-108,-98,-220,-208,-179,-230,-244,-241,-464,-422,-549,-535,-608,-597,-567,-569,-914,-895,-873,-826]} 1. e4 c5 2. Nf3 e6 3. d4 cxd4 4. Nxd4 Nc6 5. Nb5 d6 6. c4 a6 7. Nd4 Nf6 8. Nc3 Be7 9. Be2 {LiveBook: 58 Games} Qb6 {B44: Sicilian: Taimanov: 5 Nb5} 10. Nb3 O-O 11. Be3 Qc7 {White is slightly better.} 12. O-O Ne5 13. Rc1 b6 {[#]} 14. f4 $146 ({Predecessor:} 14. Nd2 Bb7 15. f4 Ned7 16. Bd3 Rac8 17. a3 Qb8 18. Qe2 {0-1 (53) Ehlvest,J (2532)-Kovalenko,I (2684) Puhajarve 2016}) 14... Ned7 15. Bf3 {aiming for e5.} Bb7 16. Nd4 Rfe8 17. b3 Bf8 18. Qc2 Rac8 19. Nde2 (19. Qd2 $11) 19... b5 $1 $15 20. cxb5 axb5 {[%cal Ba6b5,Bb5b4][%mdl 32] Threatens to win with ...b4.} 21. Qb1 {[#]} ({Better is} 21. b4 $15) 21... b4 $1 $17 {[%cal Rb4c3]} 22. Na4 Qa5 23. g4 {[#]} (23. Ng3 $17) 23... Rxc1 $1 $19 24. Rxc1 e5 25. f5 {And now g5 would win.} d5 26. g5 $2 (26. Ng3) 26... dxe4 {Black is clearly winning.} 27. Bg2 Ng4 28. Bxe4 Nxe3 29. Bxb7 Qa7 {Strongly threatening ...Ng4+.} 30. Bf3 e4 31. Bh5 g6 {Precision: White = 28%, Black = 84%.} 0-1

[Event "20th Dubai Open 2018"]
[Site "Dubai"]
[Date "2018.04.09"]
[Round "8"]
[White "Kryvoruchko, Yuriy"]
[Black "Tabatabaei, M.Amin"]
[Result "1-0"]
[WhiteElo "2703"]
[BlackElo "2605"]
[Annotator "TA"]
[PlyCount "53"]
[EventDate "2018.??.??"]
[EventType "swiss"]
[EventCountry "UAE"]
[SourceTitle "playchess.com"]
[Source "ChessBase"]
[SourceQuality "1"]

{[%evp 13,53,62,52,22,26,0,0,0,-21,0,78,72,71,64,72,62,72,78,75,102,88,88,119,116,155,159,168,168,175,140,159,158,160,157,156,165,181,118,328,323,458,441]} 1. e4 c5 2. Nf3 {[%cal Bg1f3,Bf3d4,Bd4b5][%mdl 32]} e6 3. Nc3 Nc6 4. Bb5 Qc7 5. Bxc6 Qxc6 6. d4 {B30: Sicilian: 2...Nc6 3 Bb5, lines without ...g6} cxd4 7. Nxd4 Qc7 {LiveBook: 32 Games} 8. Ndb5 {White is slightly better.} (8. O-O a6 9. Re1 Bc5 10. e5 f5 11. Qh5+ g6 12. Qh4 b5 13. Nb3 Bf8 {½-½ (28) Asadli,V (2427)-Timofeev,A (2564) Budapest 2017}) 8... Qb8 $1 9. Be3 a6 10. Bb6 axb5 11. Nxb5 Bb4+ $146 (11... Ra6 $1 $11 12. Bc7 (12. Nc7+ Ke7 $11) 12... Qa8) ({Find the theoretical novelty and annotate with similar games:} 11... Ra6 12. Nc7+ Ke7 13. Bc5+ d6 14. Nxa6 bxa6 {1-0 (31) Melamed,T (2388)-Wallgren,U (2084) Berlin 2014}) 12. c3 $16 Ba5 13. Bxa5 Rxa5 14. Qd6 $36 {[%mdl 2048] White has some pressure.} Qxd6 $1 15. Nxd6+ Kf8 {[#] Hoping for ...Rc5.} 16. Nxc8 Nf6 17. O-O-O g5 18. a3 Rc5 19. Nd6 b6 20. f3 Ke7 21. Rd3 h5 22. Rhd1 h4 23. b4 {[%cal Bb2b4,Bb4b5][%mdl 32]} Rc6 24. Kb2 Nh5 25. Kb3 (25. R3d2 $18) 25... h3 $2 {[#]} (25... Nf4 $16 26. R3d2 Rb8) 26. g3 $18 ({Not} 26. gxh3 Nf4 $14) 26... Nxg3 (26... Rc7 {keeps fighting.} 27. Kc2 Rd8) 27. b5 {Precision: White = 66%, Black = 64%.} ({Less strong is} 27. hxg3 h2 $18) 1-0